| 000 | 00707nam a22002297a 4500 | ||
|---|---|---|---|
| 001 | sjds170188 | ||
| 003 | sjds | ||
| 005 | 20171016135046.0 | ||
| 008 | 171016b nyu||||| |||| 00| 0 spa d | ||
| 020 | _a9780590293358 (pbk.) | ||
| 020 | _a05902933584 (pbk.) | ||
| 040 | _csjds | ||
| 041 |
_aspa _heng |
||
| 100 | 1 | _aSmith, MaryLou M. | |
| 240 | _aGrandmother's adobe dollhouse. | ||
| 245 | 1 | 3 |
_aLa abuelita y su casa de muñecas / _cpor MaryLou M. Smith ; ilustraciones de Ann Blackstone. |
| 246 | _aLa abuelita y su casa de muñecas | ||
| 260 |
_aNew York : _bScholastic, _cc1993. |
||
| 300 |
_a32 pages : _bcolor illustrations ; 21 x 22 cm _c21 x 22 cm |
||
| 700 | 1 | _aBlackstone, Ann | |
| 942 | _cBK | ||
| 999 |
_c18933 _d18933 |
||